La ville et ses territoires
Αποθηκεύτηκε σε:
| Κύριος συγγραφέας: | |
|---|---|
| Μορφή: | Βιβλίο |
| Γλώσσα: | French |
| Δημοσίευση: |
Paris :
Gallimard,
1990
|
| Σειρά: | Collection Folio/essais ;
; D |
| Θέματα: | |
| Ετικέτες: |
Προσθήκη ετικέτας
Δεν υπάρχουν, Καταχωρήστε ετικέτα πρώτοι!
|
MARC
| LEADER | 00000nam a2200000 i 4500 | ||
|---|---|---|---|
| 001 | 1/2605 | ||
| 008 | 960216s1990 fre d | ||
| 020 | |a 2-07-032559-8 | ||
| 035 | |l 10014920 | ||
| 040 | |a GR-MY-UA |b gre |e aacr | ||
| 041 | 0 | |a fre | |
| 082 | 0 | |a 307.76 | |
| 100 | 1 | |a Roncayolo, Marcel. | |
| 245 | 1 | 3 | |a La ville et ses territoires / |c Marcel Roncayolo |
| 260 | |a Paris : |b Gallimard, |c 1990 | ||
| 300 | |a 273 p. |b maps | ||
| 490 | 1 | |a Collection Folio/essais |v ; D | |
| 504 | |a Includes bibliographical references and index. | ||
| 650 | 0 | 0 | |a Cities and towns |x Growth. |
| 650 | 0 | 0 | |a Cities and towns |x Social aspects. |
| 650 | 0 | 0 | |a Urban ecology. |
| 650 | 0 | 0 | |a Urban economics. |
| 650 | 0 | 0 | |a City planning. |
| 830 | 0 | |a Collection Folio/essais ; |v ; D | |
| 852 | |a INST |b LESVOS |e 19960216 |h 307.76 RON |p 005100007242 |q 005100007242 |t BK |y 0 | ||
| 909 | |a Λ |b 034935 | ||
| 922 | |a 1ΔΩΡ |b 199401 |c ΤΚΑ | ||